Представление документа в формате RUSMARC

Поле Инд. ПП Название Значение
Тип записи a
Библиографический уровень a
001 Контрольный номер RU/REP/BASE/00008343
005 Дата корректировки 20181104132000.9
200 1_ a Заглавие Судебное решение и юридический факт: допустимо ли отождествление?
f Первые сведения об ответственности Алексий П.В.,Карапетян Э.Э.
b Общее обозначение материала Текст
210 1_ d Дата издания 2015
461 _0 1 2001
a Закон и право
1 001RU/REP/BASE/00010629
463 _1 1 20002
a №1.
v С. 74-76
1 2101
d 2015
610 0_ a Ключевые слова РАЗДЕЛЕНИЕ ВЛАСТЕЙ, ТЕОРИЯ ПРАВА, ЮРИДИЧЕСКИЕ ФАКТЫ, СУДЕБНОЕ РЕШЕНИЕ
700 _1 a Фамилия Алексий
b Имя П.В.
701 _1 a Фамилия Карапетян
b Имя Э.Э.
901 w Контрольный № источника c5cf3c9c6654449cbcac7aa01423b3c3
t Тип документа b